000 00435nam a2200169Ia 4500
008 230524s9999 xx 000 0 und d
082 _a610.32
_bBER
100 _aJeremy M.Berg
_923717
245 0 _aBiochemistry
250 _a5TH
260 _aNEWYORK
_bW.H.Freeman
_c2001
300 _aXXXVIII;969
500 _aQuantity Number: 1
650 _aBiomedical
700 _a"John L.Tymoczko , Lubert Stryer,,,"
_923718
942 _cBK
999 _c35255
_d35255